| LEADER 01174nam 2200277 a 4500 |
| 001 13399124963 |
| 003 ULIBM |
| 008 030417s2553 th a sb 001 0 tha |
| 099 ^aว ผม.มธ. 3 2553 |
| 100 0 ^aพรชัย จันทร์ถาวร. |
| 245 10 ^aการศึกษาการประเมินศักยภาพของพื้นที่ที่เอื้อต่อการเดินทางโดยไม่ใช้เครื่องยนต์เพื่อสร้างทุนทางสังคม :^bกรณีศึกษา เทศบาลเมืองท่าโขลง /^cพรชัย จันทร์ถาวร. |
| 260 ^aกรุงเทพฯ :^bมหาวิทยาลัยธรรมศาสตร์ ,^c2553. |
| 300 ^aหน้าไม่เรียงลำดับ. |
| 500 ^aวิทยานิพนธ์ การผังเมืองบัณฑิต, 2553. |
| 650 7 ^aการเดินทาง. |
| 710 0 ^aภาวิณี เอี่ยมตระกูล, ^eอาจารย์ที่ปรึกษา |
| 856 ^uhttps://digital.library.tu.ac.th/tu_dc/frontend/Info/item/dc:339113 ^zเอกสารฉบับเต็ม (ดูรายบทคลิกที่ Bookmarks) |
| 913 ^aImported by ULIBM Administrator |
| 949 ^aImport form external file by ULIBM system |